00486nam a2200169Ia 4500003000400000008004100004040001600045082001600061100001900077245007400096260005100170300001000221650001000231650002500241650002400266650002600290GCL140319s9999 xx 000 0 eng d aGCL / cGCL04a160.92bI L1 aISHIGURO, HIDE10aLEIBNIZ'S PHILOSOPHY OF LOGIC AND LANGUAGE, 2ND ED / cISHIGURO, HIDE a[S.N] : bCAMBRIBGE UNIVERSITY PRESS ، c1990 a246 P04aLOGIC04aLEIBNIZ, 1646 - 171604aMODERN - PHILOSOPHY04aLANGUAGE - PHILOSOPHY